Fogyasztás ; Havas térképészet ; via billentyűzet [versek] /

Elmentve itt :
Bibliográfiai részletek
Szerző: Solar Maja
További közreműködők: Terék Anna
Dokumentumtípus: Cikk
Megjelent: 2013
Sorozat:Tiszatáj 67 No. 7
Kulcsszavak:Szerb irodalom - vers
Online Access:http://tiszataj.bibl.u-szeged.hu/21791
LEADER 00630nab a2200193 i 4500
001 tisza21791
005 20200331093412.0
008 170615s2013 hu o 0|| hun d
022 |a 0133-1167 
040 |a SZTE Tiszatáj Archívum  |b hun 
041 |a hun 
100 1 |a Solar Maja 
245 1 0 |a Fogyasztás ; Havas térképészet ; via billentyűzet   |h [elektronikus dokumentum] :  |b [versek] /  |c  Solar Maja 
260 |c 2013 
300 |a 36-37 
490 0 |a Tiszatáj  |v 67 No. 7 
695 |a Szerb irodalom - vers 
700 0 1 |a Terék Anna 
856 4 0 |u http://tiszataj.bibl.u-szeged.hu/21791/1/tiszataj_2013_007_036-037.pdf  |z Dokumentum-elérés